00517 a2200181 4500260001000000630004800010650003400058100002600092260004100118245007500159300000800234650003900242260000900281300001000290100000700300037001000307020001800317 aParis a17 - Morale ethique - Philosophie pratique a1 - PHILOSOPHIE - PSYCHOLOGIE aClercq-Boisset, D. le bEd. de la documentation française  aLe haut comité d'étude et d'information sur l'alcoolisme 1983-1986 a33p aAlcoolisme: Information: 1983-1986 c1986 b24 cm lFr a12613 a2-11-001725-2